Darbeler ve gizli servisler, (1950-2002)/ (Record no. 14721)

MARC details
000 -BAŞLIK
Sabit Uzunlukta Kontrol Alanı 00820nam a22002537a 4500
999 ## - SİSTEM KONTROL NUMARALARI (KOHA)
Koha Biblionumber 14721
Koha Biblioitemnumber 14721
003 - KONTROL NUMARASI IDENTIFIER
Denetim Alanı MIRAKIL
005 - SON İŞLEM TARİHİ VE ZAMANI
Denetim Alanı 20211223113852.0
008 - SABİT-BOY VERİ ELEMANLARI - GENEL BİLGİLER
Sabit Uzunlukta Kontrol Alanı 211223b tu ||||| |||| 00| 0 tur d
020 ## - ULUSLARARASI STANDART KİTAP NUMARASI
Uluslararası Standart Kitap Numarası 9754940762
040 ## - KATALOGLAMA KAYNAK
Orijinal Kataloglama Ajansı TR-AnCHP
Kataloglama Dili tur
Metne Dönüştürmek Ajansı TR-AnCHP
041 ## - DİL KODU
Metin / Ses Parça Veya Ayrı Başlığın Dil Kodu tur
082 ## - DEWEY ONLU SINIFLANDIRMA NUMARASI
Sınıflandırma Numarası 321.09561
Ürün Numarası A61d 2003
100 1# - ANA GİRİŞ - KİŞİSEL İSİM
Kişisel Ad Arcayürek, Cüneyt
245 ## - BAŞLIK TABLOSU
Başlık Darbeler ve gizli servisler, (1950-2002)/
Sorumluluk Tablosu, Vb Cüneyt Arcayürek.
250 ## - EDITION TABLOSU
Baskı Beyanı genşl. 7. bs.
260 ## - YAYIN, DAĞITIM, VB
Yayın, Dağıtım, Vb Yeri İstanbul:
Yayıncı, Dağıtıcı, Vs Adı Bilgi Yayınevi,
Yayın, Dağıtım, Vb Tarihi 2003
300 ## - FİZİKSEL TANIM
Kapsam 510 s.:
Boyutlar 20 sm.
440 ## - SERİSİ TABLOSU / KATMA GİRİŞİ - BAŞLIK
Başlık Bilgi Yayınları/Bilgi Dizisi
Hacim / Ardışık Tanımı 33/3.
600 14 - KONU KATMA GİRİŞ - KURUMSAL ADI
9 (RLIN) 1248
Kişisel Ad Arcayürek, Cüneyt
Başlıklar Ve Bir Adla İlişkili Diğer Kelimeler Gazeteci
Bir Adıyla İlişkilendirilen Tarihler 1928 - 2015
Genel Alt Bölümü Çeşitli yazılar
650 #0 - KONU KATMA GİRİŞ - TOPİKAL DÖNEM
Topikal Süreli Veya Coğrafi Ad Giriş Elemanı Siyasal Tarih
Genel Alt Bölümü Türkiye
Kronolojik Alt Bölümü 1950-2002
9 (RLIN) 796
651 ## - KONU KATMA GİRİŞ - COĞRAFİ ADI
Coğrafi İsim Türkiye
Genel Alt Bölümü Askeri darbeler
651 #0 - KONU KATMA GİRİŞ - COĞRAFİ ADI
Coğrafi İsim Türkiye
Genel Alt Bölümü Gizli servisler
9 (RLIN) 5416
942 ## - EKLENDİ GİRİŞ ELEMANLARI (KOHA)
Sınıflandırma Veya Raf Düzeni Kaynak Dewey Decimal Classification
Koha Öğesi Türü Books
Holdings
Kalıcı Konum Mevcut Konum Edinme Tarihi Toplam Check-Out'Lar Tam Çağrı Numarası Barkod Tarih Son Görülme İtibaren Geçerli Fiyatlar Koha Öğesi Türü
CHP Kütüphanesi CHP Kütüphanesi 12/23/2021   321.09561 A61d 2003 020213 12/23/2021 12/23/2021 Books